One Party Democracy: The 1965 Tanzania General Election (Record no. 363)

MARC details
005 - DATE AND TIME OF LATEST TRANSACTION
control field 20250621081204.0
082 ## - DEWEY DECIMAL CLASSIFICATION NUMBER
Classification number 329. 026 CLI
245 ## - TITLE STATEMENT
Title One Party Democracy: The 1965 Tanzania General Election
260 ## - PUBLICATION, DISTRIBUTION, ETC.
Place of publication, distribution, etc. Nairobi,
Name of publisher, distributor, etc. East Africa Publishing House,
Date of publication, distribution, etc. 1967.
300 ## - PHYSICAL DESCRIPTION
Extent 465p.: ill.; map, picture, table.
Other physical details Index, references.
Dimensions 22cm.
700 ## - ADDED ENTRY--PERSONAL NAME
Other authors/Editors CLIFFE, O.
942 ## - ADDED ENTRY ELEMENTS (KOHA)
Source of classification or shelving scheme Dewey Decimal Classification
Koha item type Books
Holdings
Date last seen Total checkouts Full call number Barcode Cost, replacement price Price effective from Koha item type Lost status Source of classification or shelving scheme Damaged status Not for loan Withdrawn status Home library Current library Shelving location Date acquired Cost, normal purchase price
03/11/2025   329.026 CLI 0000001210 30000.00 03/11/2025 Books   Dewey Decimal Classification       College of Business Education Main Library College of Business Education Main Library General Collection 03/11/2025 10000.00
03/11/2025   329.026 CLI 0000001211 30000.00 03/11/2025 Books   Dewey Decimal Classification       College of Business Education Main Library College of Business Education Main Library General Collection 03/11/2025 10000.00
03/11/2025   329.026 CLI 0000001212 30000.00 03/11/2025 Books   Dewey Decimal Classification       College of Business Education Main Library College of Business Education Main Library General Collection 03/11/2025 10000.00
03/11/2025   329.026 CLI 0000001213 30000.00 03/11/2025 Books   Dewey Decimal Classification       College of Business Education Main Library College of Business Education Main Library General Collection 03/11/2025 10000.00